|
|
|
|
| LEADER |
00786nam a2200205 a 4500 |
| 001 |
000573954 |
| 003 |
CZ BrMZK |
| 005 |
20011129130407.0 |
| 008 |
010825s1927 xo f cze d |
| 040 |
|
|
|a BOA001
|b cze
|c BOA001
|
| 100 |
1 |
|
|a Hendrich, Josef,
|d 1888-1950
|7 jk01040717
|
| 245 |
1 |
0 |
|a Příspěvky ke studiu Komenského /
|c Josef Hendrich
|
| 260 |
|
|
|a V Bratislavě :
|b Univerzita Komenského,
|c 1927
|
| 300 |
|
|
|a 27 s.
|
| 500 |
|
|
|a Sborník filosofické fakulty, roč. 5, čís. 49
|
| 710 |
2 |
|
|a Univerzita Komenského v Bratislave.
|b Filozofická fakulta
|7 kn20010710358
|
| 910 |
|
|
|a BOA001
|b PK-II-0009.176
|
| 964 |
|
|
|a Komenský, Jan Amos - 1592-1670 - život-dílo
|
| 990 |
|
|
|a BK
|
| 996 |
7 |
|
|b 3119933463
|c PK-II-0009.176
|l MZK
|r Sklad / do 1 hodiny
|n 8
|w 000573954
|u 000010
|a 1
|e BOA001
|j MZK50
|s A
|